00536nam a2200181Ia 4500003000900000008004100009020002200050040001600072080001900088100001400107245008600121250001200207260004300219300001400262650003200276650002700308650001900335IN-BaIIA211028s9999 xx 000 0 eng d a978-81-224-0503-3 cIIA Library a621.337.1bGOP aGopal, M. 0aModern control system theorycM. Gopal  a2nd ed. aNew DelhibNew Age Internationalc2009 axx, 688p. aControl systems engineering aElectrical engineering aNASA Thesaurus